[Event "POL-chT3 Wielkopolskie 1314"]
[Site "Poland"]
[Date "2014.01.05"]
[Round "4.26"]
[White "Hemmerling, Jaroslaw"]
[Black "Joachimiak, Roman"]
[Result "1/2-1/2"]
[WhiteElo "1989"]
[BlackElo "2038"]
[PlyCount "165"]
[EventDate "2013.10.27"]
[EventType "team-tourn"]
[EventRounds "11"]
[EventCountry "POL"]
[SourceTitle "EXT 2015"]
[Source "ChessBase"]
[SourceDate "2014.11.20"]
[SourceVersion "1"]
[SourceVersionDate "2014.11.20"]
[SourceQuality "1"]
[WhiteTeam "Steszew Lipno"]
[BlackTeam "Srem LKS Piast"]
[WhiteTeamCountry "POL"]
[BlackTeamCountry "POL"]

1. e4 d6 2. d4 Nf6 3. Nc3 g6 4. g3 Bg7 5. Bg2 0-0 6. Nge2 Nbd7 7. 0-0 Rb8 8. a4 c5 9. h3 cxd4 10. Nxd4 Ne5 11. b3 Bd7 12. Bb2 Qb6 13. Nce2 a6 14. Kh1 Rbc8 15. Rb1 h6 16. Ba1 Qc7 17. c4 b6 18. Nf4 e6 19. Nfe2 Rfd8 20. Rc1 Qb7 21. Qd2 Nc6 22. Qe3 e5 23. Nxc6 Bxc6 24. Nc3 Nd7 25. b4 Nf6 26. Rfd1 Kh7 27. b5 Be8 28. f4 h5 29. fxe5 Bh6 30. Qf2 Nd7 31. Rb1 dxe5 32. Nd5 Bg7 33. Ne7 Rxc4 34. Nc6 Rxc6 35. bxc6 Qxc6 36. Rxb6 Qxa4 37. Rbd6 Rc8 38. R6d2 Nf8 39. Rb1 Ne6 40. Ra2 Qc4 41. Qe2 Bb5 42. Qxc4 Rxc4 43. Bf1 Rxe4 44. Bxb5 axb5 45. Rxb5 Re3 46. Kg2 h4 47. gxh4 Nf4+ 48. Kf2 Rxh3 49. Bxe5 Rh2+ 50. Kf3 Rxa2 51. Bxf4 Bf6 52. h5 Ra3+ 53. Kg4 Be7 54. hxg6+ Kxg6 55. Rb6+ f6 56. Re6 Bf8 57. Rb6 Rc3 58. Ra6 Rb3 59. Rc6 Be7 60. Re6 Bc5 61. Rc6 Be3 62. Bxe3 Rxe3 63. Kf4 Re5 64. Ra6 Rf5+ 65. Kg4 Rc5 66. Ra4 Rh5 67. Ra6 Rf5 68. Rb6 Rf1 69. Ra6 Re1 70. Kf4 Re7 71. Rb6 Kf7 72. Ra6 Re6 73. Rxe6 Kxe6 74. Ke4 f5+ 75. Kf4 Kf6 76. Kf3 Kg5 77. Kg3 f4+ 78. Kf3 Kf5 79. Kf2 Ke4 80. Ke2 f3+ 81. Kf1 Kf4 82. Kf2 Kg4 83. Kf1 1/2-1/2

[Event "POL-chT3 Wielkopolskie 1314"]
[Site "Poland"]
[Date "2013.12.01"]
[Round "2.8"]
[White "Joachimiak, Roman"]
[Black "Swiatek, Bartosz"]
[Result "1-0"]
[WhiteElo "2038"]
[BlackElo "2066"]
[PlyCount "127"]
[EventDate "2013.10.27"]
[EventType "team-tourn"]
[EventRounds "11"]
[EventCountry "POL"]
[SourceTitle "EXT 2015"]
[Source "ChessBase"]
[SourceDate "2014.11.20"]
[SourceVersion "1"]
[SourceVersionDate "2014.11.20"]
[SourceQuality "1"]
[WhiteTeam "Srem LKS Piast"]
[BlackTeam "Poznan Politechnika II"]
[WhiteTeamCountry "POL"]
[BlackTeamCountry "POL"]

1. e4 c5 2. g3 Nc6 3. Bg2 g6 4. Ne2 Bg7 5. c3 c4 6. 0-0 Rb8 7. b3 b5 8. bxc4 bxc4 9. Qa4 Qa5 10. Qxa5 Nxa5 11. Na3 d6 12. Nf4 Nf6 13. Re1 e5 14. Nd5 Nxd5 15. exd5 0-0 16. Nc2 Bf5 17. Nb4 Rb6 18. Ba3 Bh6 19. Rad1 Bg4 20. f3 Bd7 21. Re2 f5 22. Bf1 Ba4 23. Rc1 Nb7 24. Rf2 e4 25. f4 Rc8 26. Be2 Be8 27. Nc2 Bf7 28. Ne3 Ra6 29. Rb1 Nc5 30. Bxc5 Rxc5 31. Bxc4 Rb6 32. Rff1 Be8 33. Rb3 Bb5 34. Bxb5 Rcxb5 35. Rfb1 Rxb3 36. axb3 Bf8 37. b4 Ra6 38. Kf2 Kf7 39. Ke2 Be7 40. Nc4 Ke8 41. Na5 Bd8 42. Ra1 Kd7 43. d3 Bf6 44. Ra3 exd3+ 45. Kxd3 Kc7 46. c4 Rb6 47. Nc6 a6 48. Ra2 Kc8 49. Re2 Kd7 50. Re6 Bd8 51. Re2 Bf6 52. Kc2 Kc7 53. Kb3 Rxc6 54. dxc6 Kxc6 55. Re6 Bd8 56. c5 Bc7 57. cxd6 Bxd6 58. Kc4 Kd7 59. Re2 Kc6 60. Re8 Bc7 61. Re7 Bb6 62. Rxh7 Bg1 63. Rh6 Kb7 64. h3 1-0

[Event "POL-chT 2nd League"]
[Site "Lazy"]
[Date "2012.09.09"]
[Round "9"]
[White "Joachimiak, Roman"]
[Black "Dors, Ryszard"]
[Result "0-1"]
[WhiteElo "2055"]
[BlackElo "2220"]
[PlyCount "76"]
[EventDate "2012.09.01"]
[EventType "team-swiss"]
[EventRounds "9"]
[EventCountry "POL"]
[SourceTitle "EXT 2019"]
[Source "ChessBase"]
[SourceDate "2018.10.10"]
[SourceVersion "1"]
[SourceVersionDate "2018.10.10"]
[SourceQuality "1"]
[WhiteTeam "Srem LKS Piast"]
[BlackTeam "Dors"]
[WhiteTeamCountry "POL"]
[BlackTeamCountry "POL"]

1. e4 c6 2. d4 d5 3. Nd2 dxe4 4. Nxe4 Bf5 5. Ng5 e6 6. h4 h6 7. N5f3 Nd7 8. Bd3 Ngf6 9. c3 Bxd3 10. Qxd3 Qc7 11. Bd2 Bd6 12. 0-0-0 0-0-0 13. Nh3 c5 14. Qc2 c4 15. Kb1 b5 16. Rhe1 Kb7 17. Bc1 Nd5 18. Nd2 Rb8 19. g3 Rhc8 20. Ne4 Bf8 21. Nf4 N7b6 22. Ka1 a5 23. Bd2 b4 24. Bc1 Qc6 25. Re2 Ka8 26. g4 Rb7 27. g5 hxg5 28. hxg5 Rcb8 29. g6 Na4 30. Nxd5 exd5 31. Nd2 bxc3 32. bxc3 Qxg6 33. Qxg6 fxg6 34. Re3 Bd6 35. Rg1 Bf4 36. Rf3 g5 37. Re1 Rf7 38. Rxf4 gxf4 0-1

[Event "POL-chT 2nd League"]
[Site "Lazy"]
[Date "2012.09.05"]
[Round "5"]
[White "Paprocki, Jaroslaw"]
[Black "Joachimiak, Roman"]
[Result "1-0"]
[WhiteElo "2224"]
[BlackElo "2055"]
[PlyCount "53"]
[EventDate "2012.09.01"]
[EventType "team-swiss"]
[EventRounds "9"]
[EventCountry "POL"]
[SourceTitle "EXT 2019"]
[Source "ChessBase"]
[SourceDate "2018.10.10"]
[SourceVersion "1"]
[SourceVersionDate "2018.10.10"]
[SourceQuality "1"]
[WhiteTeam "Bydgoszcz SSz Pocztowiec"]
[BlackTeam "Srem LKS Piast"]
[WhiteTeamCountry "POL"]
[BlackTeamCountry "POL"]

1. d4 Nf6 2. c4 g6 3. Nc3 Bg7 4. e4 0-0 5. f4 d6 6. Nf3 Na6 7. e5 Nh5 8. Be2 c5 9. d5 Bh8 10. 0-0 Nc7 11. Ng5 h6 12. Nge4 Ng7 13. g4 Nge8 14. f5 Bxe5 15. fxg6 f5 16. Bxh6 Ng7 17. Ng5 Rf6 18. Nf7 Bd4+ 19. Kh1 Qe8 20. Bd3 Rxg6 21. gxf5 Rf6 22. Bxg7 Kxg7 23. Qg4+ Kxf7 24. Qh5+ Kf8 25. Qh8+ Kf7 26. Qh7+ Kf8 27. Rg1 1-0

[Event "POL-chT 2nd League"]
[Site "Lazy"]
[Date "2012.09.04"]
[Round "4"]
[White "Joachimiak, Roman"]
[Black "Kukula, Pawel"]
[Result "0-1"]
[WhiteElo "2055"]
[BlackElo "2256"]
[PlyCount "82"]
[EventDate "2012.09.01"]
[EventType "team-swiss"]
[EventRounds "9"]
[EventCountry "POL"]
[SourceTitle "EXT 2019"]
[Source "ChessBase"]
[SourceDate "2018.10.10"]
[SourceVersion "1"]
[SourceVersionDate "2018.10.10"]
[SourceQuality "1"]
[WhiteTeam "Srem LKS Piast"]
[BlackTeam "Grudziadz Rotmistrz"]
[WhiteTeamCountry "POL"]
[BlackTeamCountry "POL"]

1. d4 f5 2. Nf3 Nf6 3. c3 e6 4. e3 b6 5. Nbd2 Bb7 6. Be2 Be7 7. b3 0-0 8. Bb2 Qe8 9. Nf1 Ne4 10. Ng3 Bf6 11. Bd3 d5 12. Qe2 c6 13. Nd2 c5 14. f3 Nxd2 15. Qxd2 Nc6 16. 0-0 g6 17. Ne2 e5 18. e4 dxe4 19. fxe4 f4 20. d5 Nd8 21. c4 Bc8 22. b4 Nb7 23. a3 g5 24. Rae1 Bg7 25. Kh1 Rf6 26. Rf2 Bd7 27. Bc3 Qe7 28. Ng1 Rh6 29. Ne2 Rf8 30. g3 f3 31. Nc1 g4 32. Qb2 Rg6 33. Bf1 h5 34. Nd3 Re8 35. bxc5 Nxc5 36. Bb4 h4 37. Kg1 Rh6 38. Bd2 Nxd3 39. Bxd3 hxg3 40. hxg3 Rh3 41. Rb1 Rxg3+ 0-1

[Event "Augustow Golden Rook op 53rd"]
[Site "Augustow"]
[Date "2011.06.02"]
[Round "7.21"]
[White "Bardeli, Lukasz"]
[Black "Joachimiak, Roman"]
[Result "1/2-1/2"]
[WhiteElo "2332"]
[BlackElo "2085"]
[PlyCount "66"]
[EventDate "2011.05.29"]
[EventType "team-swiss"]
[EventRounds "9"]
[EventCountry "POL"]
[SourceTitle "EXT 2023"]
[Source "ChessBase"]
[SourceDate "2022.10.05"]
[SourceVersion "1"]
[SourceVersionDate "2022.10.05"]
[SourceQuality "1"]
[WhiteTeam "Gniezno LKS Chrobry"]
[BlackTeam "Srem LKS Piast"]
[WhiteTeamCountry "POL"]
[BlackTeamCountry "POL"]

1. Nf3 Nf6 2. c4 c6 3. g3 g6 4. Bg2 Bg7 5. 0-0 0-0 6. d4 d6 7. Nc3 Qc7 8. e4 e5 9. h3 h6 10. Be3 Nbd7 11. Qd2 Kh7 12. Rfd1 Ne8 13. Qc2 b6 14. Rac1 Bb7 15. b4 Rc8 16. a3 a6 17. Qb3 Ba8 18. dxe5 dxe5 19. Na4 Nef6 20. c5 b5 21. Nb6 Rcd8 22. Ne1 g5 23. Rd3 Bb7 24. Rcd1 Bc8 25. R1d2 Rde8 26. Nxc8 Qxc8 27. Qd1 Re7 28. Bf3 Rfe8 29. Ng2 Nf8 30. h4 g4 31. Rd8 Rxd8 32. Rxd8 Qc7 33. Be2 N8d7 1/2-1/2

[Event "Augustow Golden Rook op 53rd"]
[Site "Augustow"]
[Date "2011.06.01"]
[Round "5.17"]
[White "Swatek, Wojciech"]
[Black "Joachimiak, Roman"]
[Result "1/2-1/2"]
[WhiteElo "1806"]
[BlackElo "2085"]
[PlyCount "66"]
[EventDate "2011.05.29"]
[EventType "team-swiss"]
[EventRounds "9"]
[EventCountry "POL"]
[SourceTitle "EXT 2023"]
[Source "ChessBase"]
[SourceDate "2022.10.05"]
[SourceVersion "1"]
[SourceVersionDate "2022.10.05"]
[SourceQuality "1"]
[WhiteTeam "Kurow"]
[BlackTeam "Srem LKS Piast"]
[WhiteTeamCountry "POL"]
[BlackTeamCountry "POL"]

1. e4 c5 2. Nf3 d6 3. d4 cxd4 4. Nxd4 Nf6 5. Nc3 a6 6. Bg5 e6 7. f4 Be7 8. Qf3 Qc7 9. 0-0-0 b5 10. g4 Bb7 11. Bxf6 Bxf6 12. g5 Be7 13. f5 e5 14. Ne6 fxe6 15. fxe6 Bxg5+ 16. Kb1 Bf6 17. Qh5+ g6 18. Qg4 0-0 19. h4 b4 20. Nd5 Bxd5 21. exd5 a5 22. Bd3 Na6 23. h5 g5 24. h6 Nc5 25. Bf5 a4 26. Rh5 Qe7 27. Rg1 b3 28. cxb3 Rfb8 29. Rxg5+ Bxg5 30. Qxg5+ Qxg5 31. Rxg5+ Kh8 32. Rg7 Rb7 33. e7 Re8 1/2-1/2

[Event "POL-chT3 2010/11"]
[Site "Wielkopolska"]
[Date "2011.02.14"]
[Round "7"]
[White "Drozdzynski, Daniel"]
[Black "Joachimiak, Roman"]
[Result "1-0"]
[WhiteElo "1943"]
[BlackElo "2101"]
[PlyCount "67"]
[EventDate "2010.11.28"]
[EventType "team-tourn"]
[EventRounds "11"]
[EventCountry "POL"]
[SourceTitle "EXT 2019"]
[Source "ChessBase"]
[SourceDate "2018.10.10"]
[SourceVersion "1"]
[SourceVersionDate "2018.10.10"]
[SourceQuality "1"]
[WhiteTeam "Wolsztyn UKS Szach"]
[BlackTeam "Srem LKS Piast"]
[WhiteTeamCountry "POL"]
[BlackTeamCountry "POL"]

1. e4 c5 2. Nc3 a6 3. g3 b5 4. Bg2 Bb7 5. d3 e6 6. Nge2 d6 7. 0-0 Nd7 8. f4 Ngf6 9. h3 Qc7 10. a3 Be7 11. g4 Nb6 12. Ng3 d5 13. g5 Ng8 14. Qg4 d4 15. Nce2 Nd7 16. Bd2 h6 17. g6 f5 18. Qf3 Ngf6 19. Qf2 fxe4 20. dxe4 h5 21. e5 Nd5 22. Ne4 0-0-0 23. Qg3 Rdf8 24. a4 bxa4 25. c3 dxc3 26. N2xc3 N7b6 27. Nxa4 Nc4 28. b3 Ncb6 29. Ba5 Bc6 30. Naxc5 Qa7 31. Kh2 h4 32. Qg4 Bxc5 33. Nxc5 Qe7 34. Qxe6+ 1-0

[Event "POL-chT3 Wielkopolska 1112"]
[Site "Poland"]
[Date "2011.??.??"]
[Round "2.1"]
[White "Hemmerling, Jaroslaw"]
[Black "Joachimiak, Roman"]
[Result "1/2-1/2"]
[WhiteElo "1956"]
[BlackElo "2054"]
[PlyCount "64"]
[EventDate "2011.11.27"]
[EventType "team-tourn"]
[EventRounds "11"]
[EventCountry "POL"]
[SourceTitle "EXT 2014"]
[Source "ChessBase"]
[SourceDate "2013.11.20"]
[SourceVersion "1"]
[SourceVersionDate "2013.11.20"]
[SourceQuality "1"]
[WhiteTeam "Steszew Lipno"]
[BlackTeam "Srem LKS Piast"]
[WhiteTeamCountry "POL"]
[BlackTeamCountry "POL"]

1. e4 c5 2. Nf3 d6 3. d4 cxd4 4. Nxd4 Nf6 5. Nc3 a6 6. Bg5 e6 7. f4 Be7 8. Qf3 Qc7 9. 0-0-0 Nbd7 10. Bd3 b5 11. Rhe1 Bb7 12. Qg3 Nc5 13. e5 b4 14. exd6 Bxd6 15. Ncb5 axb5 16. Nxb5 Nb3+ 17. Kb1 Qa5 18. Nxd6+ Ke7 19. cxb3 Kxd6 20. Bxf6 gxf6 21. Bb5+ Bd5 22. f5+ e5 23. Bc4 Qxa2+ 24. Kc2 Ra5 25. Rxd5+ Rxd5 26. Bxd5 Kxd5 27. Qd3+ Kc6 28. Qc4+ Kb7 29. Qxf7+ Ka8 30. Qxf6 Rc8+ 31. Kd3 Qxb3+ 32. Ke2 Qxb2+ 1/2-1/2

[Event "POL-chT 2nd League"]
[Site "Wysowa"]
[Date "2007.09.09"]
[Round "7"]
[White "Joachimiak, Roman"]
[Black "Pietrzak, Wojciech"]
[Result "0-1"]
[WhiteElo "2100"]
[BlackElo "1938"]
[PlyCount "51"]
[EventDate "2007.09.03"]
[EventType "team-swiss"]
[EventRounds "9"]
[EventCountry "POL"]
[SourceTitle "EXT 2010"]
[Source "ChessBase"]
[SourceDate "2010.11.25"]
[SourceVersion "1"]
[SourceVersionDate "2010.11.25"]
[SourceQuality "1"]
[WhiteTeam "Srem LKS Piast"]
[BlackTeam "Grodzisk Polfa Mazowiecki"]
[WhiteTeamCountry "POL"]
[BlackTeamCountry "POL"]

1. d4 c5 2. Nf3 cxd4 3. Qxd4 Nc6 4. Qa4 Nf6 5. e4 d6 6. Bb5 Bd7 7. 0-0 a6 8. Be2 b5 9. Qb3 Nxe4 10. Re1 Nc5 11. Qc3 e5 12. Be3 Ne6 13. Qd2 Be7 14. Nc3 f5 15. Nd5 Rb8 16. Nxe7 Qxe7 17. g3 0-0 18. Rad1 e4 19. Ng5 Rfd8 20. Qxd6 Nxg5 21. Qxe7 Nh3+ 22. Kg2 Nxe7 23. Bc5 f4 24. Rxd7 Rxd7 25. Bg4 Rd2 26. Kxh3 0-1

[Event "POL-chT 2nd League"]
[Site "Wysowa"]
[Date "2007.09.03"]
[Round "1"]
[White "Chojnacki, Slawomir"]
[Black "Joachimiak, Roman"]
[Result "1-0"]
[WhiteElo "2235"]
[BlackElo "2100"]
[PlyCount "71"]
[EventDate "2007.09.03"]
[EventType "team-swiss"]
[EventRounds "9"]
[EventCountry "POL"]
[SourceTitle "EXT 2010"]
[Source "ChessBase"]
[SourceDate "2010.11.25"]
[SourceVersion "1"]
[SourceVersionDate "2010.11.25"]
[SourceQuality "1"]
[WhiteTeam "Chroscice LZS Victoria"]
[BlackTeam "Srem LKS Piast"]
[WhiteTeamCountry "POL"]
[BlackTeamCountry "POL"]

1. d4 Nf6 2. Nf3 g6 3. g3 Bg7 4. Bg2 0-0 5. 0-0 d6 6. b3 c5 7. Bb2 Qc7 8. c4 Nbd7 9. Nc3 a6 10. e4 Rb8 11. Re1 cxd4 12. Nxd4 Nc5 13. Nd5 Qd8 14. h3 e5 15. Nxf6+ Bxf6 16. Nc2 b5 17. Nb4 bxc4 18. Nc6 Qb6 19. Nxb8 Qxb8 20. Ba3 cxb3 21. axb3 Rd8 22. Bxc5 dxc5 23. Qc2 Qb6 24. Bf1 Kg7 25. h4 Be7 26. Rad1 Rd4 27. Rxd4 exd4 28. Bc4 h6 29. Qd2 f6 30. h5 g5 31. e5 fxe5 32. Rxe5 Qf6 33. Qd3 Bd6 34. Re8 Bf5 35. Qf3 Bf8 36. g4 1-0

[Event "Augustow op"]
[Site "Augustow"]
[Date "2007.08.25"]
[Round "2.12"]
[White "Joachimiak, Roman"]
[Black "Zochowski, Kacper"]
[Result "1/2-1/2"]
[WhiteElo "2100"]
[BlackElo "1587"]
[PlyCount "135"]
[EventDate "2007.08.24"]
[EventType "swiss"]
[EventRounds "9"]
[EventCountry "POL"]
[SourceTitle "EXT 2023"]
[Source "ChessBase"]
[SourceDate "2022.10.05"]
[SourceVersion "1"]
[SourceVersionDate "2022.10.05"]
[SourceQuality "1"]

1. d4 Nf6 2. Bf4 e6 3. Nf3 b6 4. e3 Bb7 5. Bd3 Bb4+ 6. c3 Be7 7. Nbd2 d5 8. Qe2 0-0 9. Ne5 Nbd7 10. g4 Nxe5 11. Bxe5 Nd7 12. Bg3 c5 13. 0-0-0 c4 14. Bb1 b5 15. h4 b4 16. Nf3 bxc3 17. bxc3 Ba3+ 18. Kd2 Qa5 19. g5 f5 20. gxf6 Nxf6 21. Ng5 Bb2 22. Ke1 Bxc3+ 23. Kf1 Qb6 24. Qc2 Bb4 25. Nxh7 Ne4 26. Nxf8 Rxf8 27. Kg2 Bd6 28. f4 Qc7 29. Qc1 Rf6 30. Bxe4 dxe4 31. Qc3 Bd5 32. Rb1 Rg6 33. h5 Rh6 34. Rh2 Qf7 35. Rbh1 Qf5 36. Qc2 Qg4 37. Qd1 Qf5 38. Be1 Bxf4 39. exf4 e3+ 40. Kg3 Bxh1 41. Rxh1 Qe4 42. Rh2 Rf6 43. Qf3 Qxd4 44. Re2 g5 45. hxg6 Rxg6+ 46. Kh3 Qh8+ 47. Bh4 Qd4 48. Qxe3 Qd1 49. Bg5 Qf1+ 50. Rg2 Qh1+ 51. Kg3 a5 52. Rd2 Qa1 53. Qe4 Rxg5+ 54. fxg5 Qc3+ 55. Kg4 Qxd2 56. Qxe6+ Kf8 57. Qxc4 Qb4 58. Qxb4+ axb4 59. Kf4 Kg7 60. Kf5 Kf7 61. Kg4 Kg6 62. Kf4 Kg7 63. Ke5 Kg6 64. Kd4 Kxg5 65. Kc4 Kf6 66. Kxb4 Ke7 67. Kb5 Kd8 68. Kb6 1/2-1/2